Narraciones extraordinarias / (Record no. 121987)
[ view plain ]
| 000 -LEADER | |
|---|---|
| campo de control de longitud fija | 00647nam a2200217 i 4500 |
| 001 - NÚMERO DE CONTROL | |
| campo de control | 121987 |
| 003 - IDENTIFICADOR DE NÚMERO DE CONTROL | |
| campo de control | ES-MaACL |
| 005 - FECHA Y HORA DE LA ÚLTIMA TRANSACCIÓN | |
| campo de control | 20251124170355.0 |
| 007 - CAMPO FIJO DE DESCRIPCIÓN FÍSICA--INFORMACIÓN GENERAL | |
| campo de control de longitud fija | t| |
| 008 - DATOS DE LONGITUD FIJA--INFORMACIÓN GENERAL | |
| campo de control de longitud fija | 070214s1957 sp r ||||1| spa d |
| 100 1# - ENTRADA PRINCIPAL--NOMBRE DE PERSONA | |
| Nombre de persona | Poe, Edgar Allan, |
| Fechas asociadas al nombre | 1809-1849 |
| 9 (RLIN) | 188384 |
| 245 10 - MENCIÓN DEL TÍTULO | |
| Título | Narraciones extraordinarias / |
| Mención de responsabilidad, etc. | Edgar Allan Poe ; ilustraciones de J. Narro. |
| 250 ## - MENCION DE EDICION | |
| Mención de edición | 1ª ed. |
| 260 ## - PUBLICACIÓN, DISTRIBUCIÓN, ETC. | |
| Lugar de publicación, distribución, etc. | Barcelona : |
| Nombre del editor, distribuidor, etc. | Juventud, |
| Fecha de publicación, distribución, etc. | 1957. |
| 300 ## - DESCRIPCIÓN FÍSICA | |
| Extensión | 204 p. ; |
| Dimensiones | 18 cm. |
| 490 1# - MENCIÓN DE SERIE | |
| Mención de serie | Col. Z ; |
| Designación de volumen o secuencia | 22 |
| 700 1# - ENTRADA AGREGADA--NOMBRE PERSONAL | |
| Nombre de persona | Narro, José, |
| Fechas asociadas al nombre | 1902- |
| 9 (RLIN) | 84950 |
| 830 0# - PUNTO DE ACCESO ADICIONAL DE SERIE-TÍTULO UNIFORME | |
| Título uniforme | Col. Z ; |
| Designación de volumen o secuencia | 22 |
| 9 (RLIN) | 187005 |
| 852 ## - LOCALIZACIÓN | |
| Ubicación | ES-MaACL |
| Número de control de estantería | C-12605 |
| Sublocalización o colección | R.40412 |
| Estatus retirado | Estado de pérdida | Estado de daño | No para préstamo | Biblioteca de origen | Biblioteca actual | Ubicación en estantería | Fecha de adquisición | Fuente de adquisición | Total de préstamos | Signatura topográfica completa | Código de barras | Visto por última vez | Precio de reemplazo | Tipo de ítem Koha |
|---|---|---|---|---|---|---|---|---|---|---|---|---|---|---|
| Biblioteca del Ateneo de Madrid | Biblioteca del Ateneo de Madrid | Sala Palomar | 17/01/2008 | C-12605 | 1127125 | 23/02/2023 | 23/02/2023 | Libro impreso |
